| 000 | 00877nam a2200253Ia 4500 | ||
|---|---|---|---|
| 003 | OSt | ||
| 005 | 20220918171832.0 | ||
| 006 | a|||||r|||| 00| 0 | ||
| 007 | ta | ||
| 008 | 220917b |||||||| |||| 00| 0 eng d | ||
| 020 |
_a9788179752852 (hbk) _c1250 |
||
| 024 | _a240,565 | ||
| 037 |
_b111/PBD/09-10, 12/10/2009, Pioneer Book Distributors _cTextual |
||
| 040 |
_aARTS _cARTS _beng |
||
| 041 |
_2eng _aeng |
||
| 082 | _aZ2(X415), P9.4 | ||
| 100 |
_aMisra Bhubanes Ed. _938998 |
||
| 245 | 0 | _aIndian railway acts and rules 1849-1895 | |
| 260 |
_aNew Delhi _bAnamika Publishers & Distributors India _c2009 |
||
| 490 |
_vVol. IV _aRailway construction in India: Select documents(1832-1900) |
||
| 650 |
_aLAW _97240 |
||
| 942 |
_hZ2(X415), P9.4 _cTEXL _2CC |
||
| 999 |
_c141551 _d141551 |
||